<A> Fuzzy Query Engine for Suggesting the Products Based on Conformance and Asymmetric Conjunction

Dopytové stroje (query engines) v elektronických obchodných platformách. Odporúčanie výrobkov zákazníkom, odporúčacie systémy (recommendation systems). Návrh nového fuzzy nástroja na odporúčanie vhodných produktov založených na fuzzy funkcii zhody (conformance) medzi vlastnosťami, ktoré sa objavujú...

Descripción completa

Guardado en:
Detalles Bibliográficos
Autor principal: Vučetić, Miljan
Otros Autores: Hudec, Miroslav, 1969-
Formato: Capítulo de libro
Lenguaje:inglés
Materias:
Etiquetas: Agregar Etiqueta
Sin Etiquetas, Sea el primero en etiquetar este registro!

MARC

LEADER 00000nla a2200000 4500
001 0246026
005 20240502083656.2
041 0 |a eng 
044 |a GB 
245 1 0 |a <A> Fuzzy Query Engine for Suggesting the Products Based on Conformance and Asymmetric Conjunction  |c Miljan Vučetić, Miroslav Hudec 
520 |a Dopytové stroje (query engines) v elektronických obchodných platformách. Odporúčanie výrobkov zákazníkom, odporúčacie systémy (recommendation systems). Návrh nového fuzzy nástroja na odporúčanie vhodných produktov založených na fuzzy funkcii zhody (conformance) medzi vlastnosťami, ktoré sa objavujú vo vektore ideálneho produktu z pohľadu zákazníka a charakteristikami existujúcich produktov. Testovanie na údajoch zo stránok srbského autobazára mojauto.rs. Odporúčanie výrobkov, ktoré sa nekupujú často. Želania, obmedzenia a asymetrická konjunkcia. Fuzzy logika, fuzzy relačné databázy. 
610 2 0 |a obchod elektronický 
610 2 0 |a výrobky 
610 2 0 |a zákazníci 
610 2 0 |a preferencie spotrebiteľské 
610 2 0 |a systémy databázové 
610 2 0 |a logika 
610 2 0 |a množiny hmlisté 
610 2 0 |a dáta 
610 2 0 |a báza dát 
100 1 |a Vučetić, Miljan 
700 1 |a Hudec, Miroslav, 1969-